| 000 | 00552nam a2200193Ia 4500 | ||
|---|---|---|---|
| 008 | 220531s9999 xx 000 0 und d | ||
| 041 | _amar | ||
| 082 | _bKAN | ||
| 100 |
_aकानिटकर तारा आणि काळदाते सुधा _947148 |
||
| 245 | _aलोकसंख्या आणि समाज. | ||
| 250 | _a1ST | ||
| 260 |
_aPune _bVidya _c2004 |
||
| 300 | _a168 | ||
| 542 | _d28-08-2004 | ||
| 551 |
_aSociology _bGrantable-SCO |
||
| 650 |
_aGeography _947149 |
||
| 906 | _d2004-2005 | ||
| 999 |
_c27691 _d27691 |
||